The league of nations: failure of an experiment in internationalism (Record no. 210837)

MARC details
000 -LEADER
fixed length control field 00395nam a2200145Ia 4500
008 - FIXED-LENGTH DATA ELEMENTS--GENERAL INFORMATION
fixed length control field 230917s9999||||xx |||||||||||||| ||und||
040 ## - CATALOGING SOURCE
-- 34973
Original cataloging agency VIVEKANANDA LIBRARY
041 ## - Language
-- English
082 ## - DDC NUMBER
Classification number 341.22 B469L
100 ## - MAIN ENTRY--PERSONAL NAME
Personal name Bhuinya, Niranjan
245 #4 - TITLE STATEMENT
Title The league of nations: failure of an experiment in internationalism
260 ## - PUBLICATION, DISTRIBUTION, ETC. (IMPRINT)
Place of publication, distribution, etc Calcutta
Name of publisher, distributor, etc K.P.Bagichi
Date of publication, distribution, etc 1980
300 ## - PHYSICAL DESCRIPTION
Pages 146 p.
942 ## - ADDED ENTRY ELEMENTS (KOHA)
Koha item type Books
Holdings
Withdrawn status Lost status Damaged status Not for loan Location (home branch) Sublocation or collection (holding branch) Date acquired Koha issues (times borrowed) Koha full call number Accession No. Koha date last seen Koha item type
        VIVEKANANDA LIBRARY VIVEKANANDA LIBRARY 29/08/2002   341.22 B469L 73617 17/09/2023 Books
© Designed and Maintained by Vivekananda Library, MDU Rohtak